|
|
|
|
| LEADER |
01227nam a2200277 u 4500 |
| 001 |
10079650 |
| 003 |
upatras |
| 005 |
20210117202120.0 |
| 008 |
090922s2007 f eng |
| 020 |
|
|
|a 9780226481968
|q ((cloth : alk. paper))
|
| 020 |
|
|
|a 0226481964
|q ((cloth : alk. paper))
|
| 040 |
|
|
|a GR-PaULI
|c GR-PaULI
|
| 041 |
0 |
|
|a eng
|
| 082 |
1 |
4 |
|a 935.05
|2 22
|
| 100 |
1 |
|
|a Lincoln, Bruce
|9 80736
|
| 245 |
1 |
0 |
|a Religion, empire, and torture
|b the case of Achaemenian Persia, with a postscript on Abu Ghraib
|c Bruce Lincoln
|
| 260 |
|
|
|a Chicago
|b University of Chicago Press
|c 2007
|
| 300 |
|
|
|a xvii, 176 p
|b ill.
|c 24 cm.
|
| 504 |
|
|
|a Includes bibliographical references (p. 143-167) and index
|
| 650 |
|
4 |
|a Θρησκεία και πολιτική
|9 80737
|
| 651 |
|
4 |
|a Ιράν
|x Ιστορία
|y Μέχρι το 640
|9 77698
|
| 852 |
|
|
|a GR-PaULI
|b ΠΑΤΡΑ
|b ΦΙΛΟΛΟΓΙΑ
|k ΔΑΝΕΙΖ-6
|h 935.05 LIN
|m 009347
|p 025000146630
|t 1
|
| 942 |
|
|
|2 ddc
|
| 952 |
|
|
|0 0
|1 0
|2 ddc
|4 0
|6 935_050000000000000_LIN
|7 0
|9 83064
|a LISP
|b LISP
|c BSC
|d 2016-04-24
|i 009347
|l 0
|o 935.05 LIN
|p 025000146630
|r 2016-04-24 00:00:00
|t 1
|w 2016-04-24
|y BK15
|x Μεταφορά Τμήματος Φιλολογίας
|
| 998 |
|
|
|c ELIDOC
|d 2009-09
|
| 999 |
|
|
|c 55465
|d 55465
|